Electrical wiring estimating & costing / (Record no. 328988)

MARC details
000 -LEADER
fixed length control field 00427cam a2200169ua 4500
003 - CONTROL NUMBER IDENTIFIER
control field OSt
008 - FIXED-LENGTH DATA ELEMENTS--GENERAL INFORMATION
fixed length control field 241226b |||||||| |||| 00| 0 eng d
041 ## - LANGUAGE CODE
Language code of text/sound track or separate title eng
082 ## - DEWEY DECIMAL CLASSIFICATION NUMBER
Classification number 621.319
Item number UPP/EL
100 ## - MAIN ENTRY--PERSONAL NAME
Personal name Uppal, S.L .
9 (RLIN) 6591
245 ## - TITLE STATEMENT
Title Electrical wiring estimating & costing /
250 ## - EDITION STATEMENT
Edition statement 4 /
260 ## - PUBLICATION, DISTRIBUTION, ETC. (IMPRINT)
Place of publication, distribution, etc. Delhi :
Name of publisher, distributor, etc. Khanna publishers ,
Date of publication, distribution, etc. 1994.
300 ## - PHYSICAL DESCRIPTION
Extent 732 ; .
700 1# - ADDED ENTRY--PERSONAL NAME
Personal name Laroia, J.M .
9 (RLIN) 6592
942 ## - ADDED ENTRY ELEMENTS (KOHA)
Koha item type Books (General)
Holdings
Withdrawn status Lost status Damaged status Not for loan Home library Current library Date acquired Total Checkouts Full call number Barcode Date last seen Price effective from Koha item type Date checked out Copy number Shelving location
        Kelappaji College of Agricultural Engineering & Technology Library, Tavanur Kelappaji College of Agricultural Engineering & Technology Library, Tavanur 07/04/2012   621.319 UPP/EL KAU_KCAEFT-18832 03/09/2025 07/04/2012 Books (General)      
        Kelappaji College of Agricultural Engineering & Technology Library, Tavanur Kelappaji College of Agricultural Engineering & Technology Library, Tavanur 07/04/2012 2 621.319 UPP/EL KAU_KCAEFT-19048 01/08/2018 07/04/2012 Books (General) 11/07/2018 2  
        Kelappaji College of Agricultural Engineering & Technology Library, Tavanur Kelappaji College of Agricultural Engineering & Technology Library, Tavanur 07/04/2012 1 621.319 UPP/EL KAU_KCAEFT-19090 27/07/2017 07/04/2012 Books (General) 25/07/2017 3  
        Kelappaji College of Agricultural Engineering & Technology Library, Tavanur Kelappaji College of Agricultural Engineering & Technology Library, Tavanur 05/09/2018   621.319 UPP/EL KAU_KCAEFT-18861 21/12/2021 05/09/2018 Book Bank scheme for SC students      
        Kelappaji College of Agricultural Engineering & Technology Library, Tavanur Kelappaji College of Agricultural Engineering & Technology Library, Tavanur 06/09/2018   621.319 UPP/EL KAU_KCAEFT-18862 06/09/2018 06/09/2018 Book Bank scheme for SC students      
Kerala Agricultural University Central Library
Thrissur-(Dt.), Kerala Pin:- 680656, India
Ph : (+91)(487) 2372219
E-mail: librarian@kau.in
Website: http://library.kau.in/